INFORM KATALOG 90/91 Komplexní katalog podniků, podnikatelů a organizací v ČSFR

Saved in:
Bibliographic Details
Format: Book
Language:Czech
Published: Brno INFORM KATALOG 1991
Edition:1. vyd.
Tags: Add Tag
No Tags, Be the first to tag this record!

MARC

LEADER 00000nam a2200000 4500
001 c022147
005 20221214093812.2
041 0 |a cze 
044 |a CZ 
245 1 0 |a INFORM KATALOG 90/91  |b Komplexní katalog podniků, podnikatelů a organizací v ČSFR 
250 |a 1. vyd. 
264 1 |a Brno  |b INFORM KATALOG  |c 1991 
300 |a 481 s.